00493nam a22001697a 450000500170000001000140001702000260003103500130005703700130007008200100008310000180009324500780011126000340018927000480022330000330027150000190030420100724123445.0 aENG-96629 a9788120337091c325.00 aEN-80162 bDBAD/PUB a006.7 aHarwani, B.M. aJavaserver faces :ba practical approach for beginners /cby B.M. Harwani aNew DelhibPHI Learningc2009 aM-97, Connaught Circus,bNew Delhi e110001 axii,331p.bill.c24cm, (pbk) aincludes index